000 01134nam a22003257a 4500
003 CHAP
005 20220329140504.0
008 971013s1972 r 00010 d
010 _a52709
011 _a53681
035 _a57831
040 _cCHAP
090 _aFolleto 6867
100 0 0 _aFidler, J. C.
_940736
245 _aRefrigerated storage of apples and pears
_b: a practical guide
260 _aSlough :
_bCommonwealth Agricultural Bureaux,
_c1972
300 _a65 p.
_b: ilus. ; gráfs.
490 _aCommonwealth Bureau of Horticulture and Plantation Crop.Horticultural Review
_v; 2
590 _aBATCH-UPD
_b10
_c20130110
_lUCH01
_h0506
590 _aBATCH-UPD
_b10
_c20130110
_lUCH01
_h2246
590 _aCONVERSION
_b10
_c20130109
_lUCH01
_h1328
650 1 4 _aManzana congelada.
_970816
650 1 4 _aManzana
_xAlmacenamiento.
_970733
650 1 4 _aPera
_xAlmacenamiento.
_986960
700 0 _aMann, G.
_970505
830 0 _aCommonwealth Bureau of Horticulture and Plantation Crop.Horticultural Review
_v; 2
_925976
901 _aBK
942 _cFOLL
949 _aFolleto 6867
_bBC
_cFOLL
_d-125666
_eTS1
_i57831
_si
_t240.00
999 _c52709
_d52709